| 000 | 00416cam a2200169ua 4500 | ||
|---|---|---|---|
| 020 | _c2.00 | ||
| 041 |
_aeng _h |
||
| 082 |
_a320.58 _bMAN/MI |
||
| 100 | _aManubehn, Gandhi . | ||
| 245 |
_aMiracle of Culcutta / _cGandhi Manubehn. _hTextual Documents |
||
| 260 |
_aAhmadabad : _bNavajivan publishing house , _c1964. |
||
| 300 | _a ; . | ||
| 365 | _a2.00 | ||
| 504 | _a | ||
| 942 | _cBK | ||
| 999 |
_c2382 _d2382 |
||